[Event "BL 0405 SC Kreuzberg - SF Katernberg"]
[Site "?"]
[Date "2005.01.30"]
[Round "9.8"]
[White "Lau, Ralf"]
[Black "Rosen, Bernd"]
[Result "1/2-1/2"]
[WhiteElo "2481"]
[BlackElo "2301"]
[PlyCount "25"]
[EventDate "2005.??.??"]

1. e4 e6 2. Qe2 c5 3. Nf3 Nc6 4. g3 d6 5. Bg2 g6 6. O-O Bg7 7. c3 Nge7 8. d3
O-O 9. Nh4 e5 10. f4 exf4 11. Bxf4 Be6 12. Na3 Qd7 13. Nf3 1/2-1/2

[Event "BL 0405 SFR Neukölln - SV Mülheim Nord"]
[Site "?"]
[Date "2005.01.30"]
[Round "9.1"]
[White "Landa, Konstantin"]
[Black "Nataf, Igor-Alexandre"]
[Result "1/2-1/2"]
[WhiteElo "2571"]
[BlackElo "2565"]
[PlyCount "31"]
[EventDate "2005.??.??"]

1. e4 c5 2. Nf3 Nc6 3. Bb5 Nf6 4. Qe2 g6 5. O-O Bg7 6. c3 O-O 7. Rd1 d5 8. d3
Qb6 9. Na3 Bg4 10. h3 Bxf3 11. Qxf3 Rad8 12. Bg5 h6 13. Bxf6 Bxf6 14. exd5 Ne5
15. Qe4 a6 16. d4 1/2-1/2

[Event "BL 0405 SFR Neukölln - SV Mülheim Nord"]
[Site "?"]
[Date "2005.01.30"]
[Round "9.2"]
[White "Miroshnichenko, Evgenij"]
[Black "Fridman, Daniel"]
[Result "1/2-1/2"]
[WhiteElo "2617"]
[BlackElo "2578"]
[PlyCount "40"]
[EventDate "2005.??.??"]

1. Nf3 d5 2. d4 Nf6 3. c4 c6 4. Nc3 e6 5. Bg5 Nbd7 6. e3 Qa5 7. cxd5 Nxd5 8.
Qd2 Bb4 9. Rc1 h6 10. Bh4 c5 11. a3 Bxc3 12. bxc3 b6 13. Bd3 Ba6 14. O-O cxd4
15. Bxa6 Qxa6 16. Qxd4 O-O 17. e4 Nf4 18. Qxd7 Ne2+ 19. Kh1 Nxc1 20. Rxc1 Qxa3
1/2-1/2

[Event "BL 0405 SFR Neukölln - SV Mülheim Nord"]
[Site "?"]
[Date "2005.01.30"]
[Round "9.3"]
[White "Levin, Felix"]
[Black "Polzin, Rainer"]
[Result "1/2-1/2"]
[WhiteElo "2498"]
[BlackElo "2517"]
[PlyCount "126"]
[EventDate "2005.??.??"]

1. d4 Nf6 2. c4 g6 3. Nc3 Bg7 4. e4 d6 5. Be2 O-O 6. Be3 e5 7. dxe5 dxe5 8.
Qxd8 Rxd8 9. Nd5 Nxd5 10. cxd5 c6 11. Bc4 b5 12. Bb3 Bb7 13. Rc1 Rd7 14. Ne2 a5
15. a3 a4 16. Ba2 b4 17. axb4 cxd5 18. Bxd5 Na6 19. Bxb7 Rxb7 20. Rc4 Rxb4 21.
Rxb4 Nxb4 22. Kd2 Rd8+ 23. Kc3 Bf8 24. Ra1 f5 25. Rxa4 f4 26. Bb6 Rc8+ 27. Kb3
Rb8 28. Ba7 Rb7 29. Kc4 Rc7+ 30. Kb5 Nd3 31. Nc3 Nxb2 32. Ra2 Nc4 33. Nd5 Nd6+
34. Kb6 Rf7 35. Kc6 Nxe4 36. Bb8 f3 37. gxf3 Rxf3 38. Bxe5 Rxf2 39. Ra8 Kf7 40.
Nf4 Rc2+ 41. Kd5 Nc3+ 42. Kc4 Nb5+ 43. Kd3 Rc6 44. Ke4 Bg7 45. Bxg7 Kxg7 46.
Rb8 Rc4+ 47. Ke3 Nd6 48. Ne6+ Kf6 49. Nd4 Rc3+ 50. Kf2 Ke5 51. Nf3+ Kf4 52.
Rf8+ Nf5 53. Nd4 Rc4 54. Nxf5 Rc2+ 55. Kg1 gxf5 56. Ra8 h5 57. Ra4+ Kf3 58.
Ra3+ Kg4 59. Rg3+ Kf4 60. Rh3 Ke4 61. Rxh5 f4 62. Rh3 f3 63. Rh8 Rc1+ 1/2-1/2

[Event "BL 0405 SFR Neukölln - SV Mülheim Nord"]
[Site "?"]
[Date "2005.01.30"]
[Round "9.4"]
[White "Borriss, Martin Dr"]
[Black "Schebler, Gerhard"]
[Result "1-0"]
[WhiteElo "2439"]
[BlackElo "2496"]
[PlyCount "140"]
[EventDate "2005.??.??"]

1. e4 e5 2. Nf3 Nc6 3. Bb5 Nf6 4. Qe2 Bd6 5. O-O O-O 6. c3 Re8 7. d3 h6 8. Nbd2
Bf8 9. Re1 d6 10. Nf1 Bd7 11. a3 Na5 12. Bxd7 Qxd7 13. N3d2 Nc6 14. Ng3 d5 15.
Qf3 d4 16. c4 a5 17. Nf5 Qe6 18. g3 g6 19. Nh4 a4 20. Qe2 Qh3 21. Qf1 Qxf1+ 22.
Kxf1 Nd7 23. Ke2 Be7 24. Ng2 Nc5 25. Rb1 Kg7 26. Rf1 Ra6 27. Ne1 Na5 28. Nc2 f5
29. f3 Re6 30. Nb4 c6 31. Nc2 Bg5 32. h4 Be3 33. Na1 f4 34. g4 Ra8 35. b4 axb3
36. Ndxb3 Naxb3 37. Nxb3 Na4 38. Bd2 Bxd2 39. Kxd2 Nc3 40. Ra1 b5 41. Rfc1 bxc4
42. dxc4 Re7 43. Nc5 Rea7 44. Rc2 Kf6 45. Rb2 Na4 46. Nxa4 Rxa4 47. Rb6 Rxc4
48. Rc1 Rxc1 49. Kxc1 Rxa3 50. Rxc6+ Kf7 51. Rc7+ Kf8 52. Rc5 Rxf3 53. Rxe5 Rg3
54. g5 hxg5 55. hxg5 f3 56. Re6 Rxg5 57. Rf6+ Ke7 58. Rxf3 Ke6 59. Rf8 Rg2 60.
Re8+ Kd6 61. e5+ Kd7 62. Ra8 Ke6 63. Re8+ Kf5 64. e6 Re2 65. e7 Kf6 66. Rd8
Rxe7 67. Rxd4 g5 68. Kd2 Kf5 69. Ra4 g4 70. Rb4 g3 1-0

[Event "BL 0405 SFR Neukölln - SV Mülheim Nord"]
[Site "?"]
[Date "2005.01.30"]
[Round "9.5"]
[White "Saltaev, Mihail"]
[Black "Berndt, Stephan"]
[Result "1-0"]
[WhiteElo "2485"]
[BlackElo "2438"]
[PlyCount "91"]
[EventDate "2005.??.??"]

1. e4 c5 2. Nf3 d6 3. d4 cxd4 4. Nxd4 Nf6 5. Nc3 g6 6. Bc4 Bg7 7. O-O O-O 8.
Re1 Nc6 9. Nb3 Bg4 10. f3 Be6 11. Nd5 Rc8 12. Bf1 Ne5 13. a4 Re8 14. c3 Nc4 15.
a5 Bxd5 16. exd5 Qd7 17. Kh1 b5 18. axb6 axb6 19. Nd4 Nxd5 20. Qb3 b5 21. Nxb5
Ndb6 22. Ra7 Qd8 23. Bg5 Bf6 24. Bxf6 exf6 25. Rea1 Re7 26. h3 d5 27. Qb4 Rxa7
28. Nxa7 Ra8 29. Nc6 Qf8 30. Qxf8+ Rxf8 31. Ne7+ Kg7 32. Nxd5 Rd8 33. Nxb6 Nxb6
34. c4 Rd2 35. b4 Rc2 36. c5 Nd5 37. Rb1 f5 38. Bd3 Rc3 39. Ba6 Kf6 40. b5 Rxc5
41. b6 Nxb6 42. Rxb6+ Kg7 43. Kh2 f4 44. Rb7 g5 45. Bd3 h5 46. Rb5 1-0

[Event "BL 0405 SFR Neukölln - SV Mülheim Nord"]
[Site "?"]
[Date "2005.01.30"]
[Round "9.6"]
[White "Thiede, Lars"]
[Black "Lytchak, Alexander Dr"]
[Result "1/2-1/2"]
[WhiteElo "2442"]
[BlackElo "2436"]
[PlyCount "106"]
[EventDate "2005.??.??"]

1. g3 d5 2. Bg2 c6 3. c4 Nf6 4. Nf3 Bg4 5. Ne5 Be6 6. cxd5 Bxd5 7. Nf3 c5 8.
O-O Bc6 9. Nc3 e6 10. Re1 Nbd7 11. d3 Bd6 12. a3 O-O 13. Rb1 Rc8 14. Bd2 Ne5
15. Ng5 Bxg2 16. Kxg2 Be7 17. Bf4 Nc6 18. Nf3 Nd5 19. Bd2 Nb6 20. Be3 Nd5 21.
Bd2 Nb6 22. Na4 Nd4 23. Ba5 Nxf3 24. exf3 Rc6 25. Bxb6 axb6 26. Qb3 Bf6 27.
Rbd1 Rd6 28. Nc3 Bxc3 29. bxc3 Qd7 30. c4 Ra8 31. Rb1 h5 32. Re3 Rd8 33. h4 Qc7
34. Qc3 Rd4 35. Rb3 R8d6 36. Qb2 Qd8 37. Qb1 Kf8 38. a4 g6 39. a5 bxa5 40. Rxb7
Kg7 41. Qb5 Rxd3 42. Rb8 Qf6 43. Qxc5 Rxe3 44. Qxe3 Qa1 45. Rb1 Qd4 46. Qa3 Rc6
47. Rb8 Qd6 48. Qc3+ e5 49. Rb5 Qd4 50. Qxa5 e4 51. Qa3 Rxc4 52. Rb8 exf3+ 53.
Qxf3 Qe4 1/2-1/2

[Event "BL 0405 SFR Neukölln - SV Mülheim Nord"]
[Site "?"]
[Date "2005.01.30"]
[Round "9.7"]
[White "Hausrath, Daniel"]
[Black "Schwarz, Michael"]
[Result "1/2-1/2"]
[WhiteElo "2478"]
[BlackElo "2408"]
[PlyCount "87"]
[EventDate "2005.??.??"]

1. Nf3 c5 2. c4 g6 3. e4 Bg7 4. d4 d6 5. dxc5 Qa5+ 6. Bd2 Qxc5 7. Nc3 Bg4 8.
Rc1 Bxf3 9. Qxf3 Nd7 10. Be2 Ngf6 11. O-O O-O 12. Qe3 a6 13. Qxc5 Nxc5 14. f3
Rac8 15. b4 Ne6 16. Nd5 Nxd5 17. exd5 Bd4+ 18. Kh1 Nc7 19. f4 f5 20. Bf3 Ne8
21. Rfe1 Kf7 22. g4 Nf6 23. g5 Nd7 24. Bd1 b5 25. Be2 bxc4 26. Rxc4 Rxc4 27.
Bxc4 Rc8 28. Bb3 Nb6 29. Rc1 Rxc1+ 30. Bxc1 Ke8 31. Kg2 Kd8 32. Bd2 Kc7 33. a4
Kb7 34. a5 Na8 35. Ba4 Nc7 36. Bc6+ Kc8 37. Kf3 Bg1 38. Be3 Bxe3 39. Kxe3 Kb8
40. h4 Kc8 41. Kd4 Nb5+ 42. Kd3 Nc7 43. Kd4 Nb5+ 44. Bxb5 1/2-1/2

[Event "BL 0405 SFR Neukölln - SV Mülheim Nord"]
[Site "?"]
[Date "2005.01.30"]
[Round "9.8"]
[White "Rudolf, Henrik"]
[Black "Kern, Guido"]
[Result "0-1"]
[WhiteElo "2322"]
[BlackElo "2355"]
[PlyCount "58"]
[EventDate "2005.??.??"]

1. e4 e6 2. d4 d5 3. Nc3 Nf6 4. e5 Nfd7 5. f4 c5 6. Nf3 Qb6 7. Na4 Qc6 8. Nc3
Qb6 9. Be3 a6 10. Na4 Qa5+ 11. c3 cxd4 12. b4 Qc7 13. Qxd4 Nc6 14. Qd2 b5 15.
Nb2 f6 16. a4 bxa4 17. Be2 Be7 18. exf6 Nxf6 19. Nxa4 Rb8 20. Nc5 a5 21. Ng5
Bxc5 22. Bxc5 h6 23. Nh3 Kf7 24. Nf2 Nd7 25. f5 Nxc5 26. Bh5+ Kg8 27. bxc5 Qe5+
28. Be2 Ba6 29. fxe6 Bxe2 0-1

[Event "BL 0405 SV Wattenscheid - SG Köln Porz"]
[Site "?"]
[Date "2005.01.30"]
[Round "9.1"]
[White "Lutz, Christopher"]
[Black "Rustemov, Alexander"]
[Result "1/2-1/2"]
[WhiteElo "2596"]
[BlackElo "2602"]
[PlyCount "52"]
[EventDate "2005.??.??"]

1. e4 e6 2. d4 d5 3. Nc3 dxe4 4. Nxe4 Bd7 5. Nf3 Bc6 6. Bd3 Nd7 7. O-O Ngf6 8.
Ng3 Be7 9. Qe2 Bxf3 10. Qxf3 c6 11. c3 O-O 12. Bc2 Re8 13. Re1 Qb6 14. Rb1 Rad8
15. h4 Qc7 16. h5 h6 17. Be3 Bd6 18. b4 Bxg3 19. fxg3 e5 20. g4 e4 21. Bf4 Qc8
22. Qg3 Nb6 23. Bd1 Nh7 24. Bc2 Nf6 25. Bd1 Nh7 26. Bc2 Nf6 1/2-1/2

[Event "BL 0405 SV Wattenscheid - SG Köln Porz"]
[Site "?"]
[Date "2005.01.30"]
[Round "9.4"]
[White "Appel, Ralf"]
[Black "Graf, Alexander"]
[Result "0-1"]
[WhiteElo "2507"]
[BlackElo "2646"]
[PlyCount "176"]
[EventDate "2005.??.??"]

1. e4 e5 2. Nf3 Nc6 3. Bb5 a6 4. Bxc6 dxc6 5. d4 exd4 6. Qxd4 Qxd4 7. Nxd4 Bd7
8. Be3 O-O-O 9. Nc3 Re8 10. O-O-O Ne7 11. Rhe1 Ng6 12. a3 h5 13. f4 c5 14. Nf3
f5 15. e5 Be7 16. Nd5 b6 17. Nxe7+ Rxe7 18. Ng5 Rhe8 19. Rf1 Bc6 20. Rf2 Nf8
21. Rfd2 a5 22. b3 Ne6 23. Nxe6 Rxe6 24. Bf2 Kb7 25. Bh4 a4 26. Kb2 Ra8 27. Re1
Rae8 28. Re3 Rg6 29. Bg5 axb3 30. cxb3 Rge6 31. Rg3 Ra8 32. Bh4 g6 33. Bf6 Be8
34. Rc3 Rc6 35. Rdd3 b5 36. Rd2 c4 37. bxc4 Rxc4 38. Rxc4 bxc4 39. e6 Ra6 40.
Re2 Rb6+ 41. Kc3 Rb3+ 42. Kxc4 Rxa3 43. Rb2+ Kc8 44. Rd2 Kb7 45. Rd8 Bc6 46. g3
Ra4+ 47. Kc3 Ra3+ 48. Kd4 Ra4+ 49. Kd3 Bb5+ 50. Kc3 Ra6 51. Rg8 Rxe6 52. Rxg6
Kc6 53. Rh6 Kd5 54. Bg7 Re3+ 55. Kb4 Be2 56. Rh8 c5+ 57. Ka5 Ra3+ 58. Kb6 Ra6+
59. Kb7 Re6 60. Kc8 c4 61. Kd7 Ra6 62. Ke7 Ra7+ 63. Kf6 c3 64. Rd8+ Ke4 65. Kg6
Rc7 66. Re8+ Kf3 67. Bxc3 Rxc3 68. Kxf5 Kf2 69. Kg5 Bg4 70. h3 Bxh3 71. Kxh5
Rxg3 72. f5 Rf3 73. Rf8 Ke3 74. f6 Kf4 75. Kg6 Be6 76. f7 Ke5 77. Re8 Rxf7 78.
Rh8 Rf2 79. Rb8 Bd5 80. Kg7 Rg2+ 81. Kf8 Kd6 82. Rb6+ Ke5 83. Rb5 Rg8+ 84. Ke7
Rg7+ 85. Kf8 Rf7+ 86. Ke8 Ra7 87. Kf8 Kf6 88. Rb8 Rh7 0-1

[Event "BL 0405 SV Wattenscheid - SG Köln Porz"]
[Site "?"]
[Date "2005.01.30"]
[Round "9.6"]
[White "Dinstuhl, Volkmar Dr"]
[Black "Hansen, Curt"]
[Result "1-0"]
[WhiteElo "2420"]
[BlackElo "2633"]
[PlyCount "90"]
[EventDate "2005.??.??"]

1. Nf3 c5 2. c4 Nf6 3. Nc3 e6 4. e4 Nc6 5. Be2 b6 6. d4 cxd4 7. Nxd4 Bb7 8.
Nxc6 dxc6 9. e5 Qxd1+ 10. Kxd1 Nd7 11. Bf4 f6 12. exf6 Nxf6 13. Kc2 Bc5 14. Bg3
O-O-O 15. Bf3 Bd4 16. Rhe1 Rhe8 17. Ne4 e5 18. Re2 Kc7 19. Rae1 Bc8 20. Nd2
Bf5+ 21. Kc1 Bd3 22. Bxe5+ Kc8 23. Bxf6 Rxe2 24. Bxe2 Bxf6 25. Bxd3 Rxd3 26.
Kc2 Rd4 27. Re4 Kd7 28. b3 h5 29. f4 c5 30. Rxd4+ Bxd4 31. Kd3 Ke6 32. Ke4 g6
33. Nf3 Bc3 34. h3 Bf6 35. g4 hxg4 36. hxg4 Bc3 37. g5 Bb2 38. Nh4 Kf7 39. Kd5
Bc1 40. f5 gxf5 41. Nxf5 Bxg5 42. Nd6+ Ke7 43. Kc6 Bd2 44. Nc8+ Kd8 45. Nxa7
Ba5 1-0

[Event "BL 0405 SV Wattenscheid - SG Köln Porz"]
[Site "?"]
[Date "2005.01.30"]
[Round "9.7"]
[White "Van den Doel, Erik"]
[Black "Ellers, Holger"]
[Result "1-0"]
[WhiteElo "2560"]
[BlackElo "2407"]
[PlyCount "93"]
[EventDate "2005.??.??"]

1. e4 c5 2. Nf3 Nc6 3. d4 cxd4 4. Nxd4 g6 5. c4 Bg7 6. Be3 Nf6 7. Nc3 O-O 8.
Be2 d6 9. O-O Nxd4 10. Bxd4 Bd7 11. Qd3 Re8 12. Rad1 Bc6 13. b4 b6 14. a3 Rc8
15. Rfe1 Rc7 16. Bf1 Rd7 17. Nd5 e5 18. Be3 Nxd5 19. cxd5 Bb7 20. Qb3 Rf8 21.
Qa4 Bc8 22. Rc1 f5 23. Rc2 fxe4 24. Rec1 Bb7 25. Qxa7 Bxd5 26. Rc7 Rdf7 27.
Qxb6 Rxc7 28. Rxc7 Bf6 29. a4 Bg5 30. Bxg5 Qxg5 31. Qxd6 Bb3 32. Qc5 e3 33.
Qxe3 Qxe3 34. fxe3 Bxa4 35. b5 Rb8 36. Rc5 Re8 37. Rc7 Rb8 38. Rc4 Bb3 39. Rc5
e4 40. Rc6 Kf7 41. Kf2 Rb7 42. b6 Bd5 43. Rd6 Bb3 44. Ba6 Rb8 45. b7 Ba4 46.
Rd4 Bc6 47. Rc4 1-0

[Event "BL 0405 SV Wattenscheid - SG Köln Porz"]
[Site "?"]
[Date "2005.01.30"]
[Round "9.8"]
[White "Straeter, Timo"]
[Black "Andersson, Ulf"]
[Result "0-1"]
[WhiteElo "2348"]
[BlackElo "2580"]
[PlyCount "116"]
[EventDate "2005.??.??"]

1. Nf3 c5 2. b3 Nf6 3. Bb2 g6 4. e3 Bg7 5. d4 O-O 6. Bd3 d5 7. O-O Nbd7 8. c4
b6 9. Nc3 Bb7 10. Qe2 e6 11. cxd5 Nxd5 12. Nxd5 Bxd5 13. Rfd1 Qe7 14. e4 Bb7
15. Ba6 Bxa6 16. Qxa6 cxd4 17. Bxd4 Bxd4 18. Rxd4 Nc5 19. Qe2 Rfd8 20. Rad1
Rxd4 21. Rxd4 Rd8 22. Qd2 Rxd4 23. Qxd4 Qb7 24. Qd8+ Kg7 25. e5 h6 26. Qf6+ Kh7
27. h4 Ne4 28. Qd8 Qc6 29. Qd1 Kg7 30. Qd4 Qc2 31. b4 Nc3 32. Kh2 Nd5 33. a3
Qa2 34. h5 g5 35. b5 Qxa3 36. Qe4 Qb2 37. Nd4 Qxf2 38. Nxe6+ fxe6 39. Qg6+ Kf8
40. Qxh6+ Ke8 41. Qxe6+ Ne7 42. h6 Qh4+ 43. Kg1 g4 44. Qd6 Kf7 45. Kf1 g3 46.
Ke2 Qe4+ 47. Kd1 Qd5+ 48. Ke1 Qxd6 49. exd6 Ng6 50. Ke2 Ke6 51. Kf3 Kxd6 52.
Kxg3 Ke6 53. Kf3 Ne5+ 54. Kf4 Nf7 55. h7 Kf6 56. Ke4 Ng5+ 57. Kd5 Nxh7 58. Kc6
Ke5 0-1

[Event "BL 0405 Solinger SG - SV Hofheim"]
[Site "?"]
[Date "2005.01.30"]
[Round "9.1"]
[White "Savchenko, Stanislav"]
[Black "Sandipan, Chanda"]
[Result "1/2-1/2"]
[WhiteElo "2497"]
[BlackElo "2543"]
[PlyCount "47"]
[EventDate "2005.??.??"]

1. d4 d5 2. c4 c6 3. cxd5 cxd5 4. Nf3 Nf6 5. Nc3 Nc6 6. Bf4 a6 7. Rc1 Bf5 8.
Ne5 Qb6 9. e3 Qxb2 10. Bd3 Bxd3 11. Nxd3 Qb6 12. O-O e6 13. Na4 Qd8 14. Qb3 Ra7
15. Nb6 Nh5 16. Ne5 Nxf4 17. exf4 Bd6 18. Rxc6 bxc6 19. Nxc6 Qc7 20. Nxa7 Qxa7
21. Nc8 Qd7 22. Nxd6+ Qxd6 23. f5 O-O 24. fxe6 1/2-1/2

[Event "BL 0405 Solinger SG - SV Hofheim"]
[Site "?"]
[Date "2005.01.30"]
[Round "9.2"]
[White "Gabriel, Christian"]
[Black "Hickl, Joerg"]
[Result "1-0"]
[WhiteElo "2556"]
[BlackElo "2530"]
[PlyCount "65"]
[EventDate "2005.??.??"]

1. d4 d6 2. Nf3 Nf6 3. c4 Nbd7 4. Nc3 e5 5. Bg5 Be7 6. e3 Ng8 7. Bxe7 Nxe7 8.
Qc2 Nc6 9. Rd1 exd4 10. Nxd4 O-O 11. Be2 Nc5 12. O-O a5 13. Ndb5 Be6 14. f4 f5
{=} 15. b3 Kh8 16. Bf3 Rf7 17. g3 Qf6 18. Qg2 Re8 19. Nd4 Bd7 20. Nd5 Qd8 21.
Nb5 Be6 22. Bh5 g6 23. Bf3 Kg7 24. Qb2+ Kh6 25. h3 g5 26. g4 Bxd5 27. Bxd5 Rg7
28. Bxc6 bxc6 29. Nd4 Rf8 30. fxg5+ Qxg5 31. Kh2 fxg4 32. Rxf8 g3+ 33. Kg2 1-0

[Event "BL 0405 Solinger SG - SV Hofheim"]
[Site "?"]
[Date "2005.01.30"]
[Round "9.3"]
[White "Ginsburg, Gennadi"]
[Black "Naumann, Alexander"]
[Result "1/2-1/2"]
[WhiteElo "2481"]
[BlackElo "2538"]
[PlyCount "86"]
[EventDate "2005.??.??"]

1. e4 e5 2. Nf3 Nc6 3. Bb5 Nf6 4. d3 Bc5 5. Bxc6 dxc6 6. O-O Nd7 7. c3 O-O 8.
d4 Bd6 9. Nbd2 Qe7 10. Re1 Re8 11. Nc4 f6 12. Nh4 Nf8 13. dxe5 Bxe5 14. Nxe5
Qxe5 15. Nf3 Qe7 16. Bf4 Be6 17. Nd4 Rad8 18. Qa4 a6 19. Qa5 Rd7 20. Re3 Red8
21. Rae1 c5 22. Nf5 Qf7 23. b3 Bxf5 24. exf5 Qd5 25. g4 Qc6 26. h3 c4 27. Qb4
cxb3 28. Qxb3+ Kh8 29. Re8 h5 30. Rxd8 Rxd8 31. Qf7 hxg4 32. hxg4 Qf3 33. Bxc7
Qxg4+ 34. Kh2 Qh4+ 35. Kg2 Qg4+ 36. Kh2 Qh4+ 37. Kg2 Qg4+ 38. Bg3 Qxf5 39. Re7
Qg4 40. Rxb7 Qe4+ 41. Kh2 Qh7+ 42. Kg2 Qe4+ 43. Kh2 Qh7+ 1/2-1/2

[Event "BL 0405 Solinger SG - SV Hofheim"]
[Site "?"]
[Date "2005.01.30"]
[Round "9.4"]
[White "Hoffmann, Michael"]
[Black "Krivoshey, Sergei"]
[Result "1/2-1/2"]
[WhiteElo "2468"]
[BlackElo "2499"]
[PlyCount "57"]
[EventDate "2005.??.??"]

1. e4 c5 2. Nf3 Nc6 3. d4 cxd4 4. Nxd4 Nf6 5. Nc3 d6 6. Bg5 e6 7. Qd2 a6 8.
O-O-O Bd7 9. f4 b5 10. Bxf6 gxf6 11. Kb1 Qb6 12. Nxc6 Bxc6 13. Qe1 O-O-O 14.
Bd3 b4 15. Ne2 d5 16. Ng3 Bc5 17. Qe2 a5 18. f5 Bd4 19. fxe6 fxe6 20. exd5 Bxd5
21. Be4 Kb8 22. Bxd5 Rxd5 23. Rhe1 Rhd8 24. Qxe6 Qxe6 25. Rxe6 Be5 26. Rxd5
Rxd5 27. c3 bxc3 28. bxc3 Rd2 29. Rb6+ 1/2-1/2

[Event "BL 0405 Solinger SG - SV Hofheim"]
[Site "?"]
[Date "2005.01.30"]
[Round "9.5"]
[White "Zude, Arno"]
[Black "Werle, Jan"]
[Result "0-1"]
[WhiteElo "2398"]
[BlackElo "2457"]
[PlyCount "170"]
[EventDate "2005.??.??"]

1. e4 e5 2. Nf3 Nf6 3. Nxe5 d6 4. Nf3 Nxe4 5. Qe2 Qe7 6. d3 Nf6 7. Bg5 Qxe2+ 8.
Bxe2 Be7 9. Nc3 c6 10. O-O-O Na6 11. h3 Nc7 12. Rhe1 {=} Ne6 13. Bd2 O-O 14.
Ng5 h6 15. Nge4 d5 16. Ng3 Bc5 17. Rf1 Nd4 18. Rde1 Nxe2+ 19. Ncxe2 Re8 20. Bc3
Nh7 21. Nd4 Bd7 22. Ndf5 f6 23. h4 h5 24. d4 Bf8 25. Rxe8 Bxe8 26. Ne2 g6 27.
Nfg3 Bd7 28. Kd1 Kf7 29. Bd2 Bd6 30. Nf4 b6 31. Nge2 Nf8 32. Be3 Re8 33. Kd2
Bc8 34. c3 Ba6 35. Re1 Bc8 36. Nd3 Ne6 37. Nef4 Ng7 38. f3 Rh8 39. Rh1 Nf5 40.
Bf2 Bd7 41. b3 a5 42. a4 Ng7 43. Be3 Rc8 44. Bf2 Nf5 45. Re1 Ne7 46. Bg3 Nf5
47. Bf2 Bf8 48. Kc2 Bd6 49. Kd2 Ne7 50. Bg3 Bb8 51. Bf2 Nf5 52. Kc2 Bd6 53. Kd2
Ng7 54. Bg3 Bf8 55. Bf2 Ne6 56. Nxe6 Bxe6 57. Nf4 Bf5 58. Be3 Bd6 59. Rc1 Rb8
60. Ra1 Rg8 61. Rh1 g5 62. hxg5 Rxg5 63. Rg1 h4 64. Ne2 Rg8 65. Bf4 Be7 66. g4
hxg3 67. Rxg3 Rc8 68. Bh6 Rh8 69. Rg7+ Ke6 70. Bf4 Rh3 71. Bc7 Rxf3 72. Bxb6
Bf8 73. Rg1 Bh6+ 74. Ke1 Be3 75. Rg7 Bh3 76. Ng3 Bf2+ 77. Ke2 Rxg3 78. Rc7 Be3
79. Rxc6+ Kf5 80. Bxa5 Ke4 81. Rxf6 Bg4+ 82. Ke1 Rg1+ 83. Rf1 Rg2 84. Rf8 Kd3
85. c4 Re2+ 0-1

[Event "BL 0405 Solinger SG - SV Hofheim"]
[Site "?"]
[Date "2005.01.30"]
[Round "9.8"]
[White "Emms, John M"]
[Black "Buchal, Stephan"]
[Result "1/2-1/2"]
[WhiteElo "2504"]
[BlackElo "2365"]
[PlyCount "62"]
[EventDate "2005.??.??"]

1. e4 g6 2. d4 Bg7 3. Nc3 d6 4. Be3 a6 5. Nf3 Nf6 6. Qd2 b5 7. Bh6 Bxh6 8. Qxh6
b4 9. Nd5 Nxe4 10. Bd3 Nf6 11. Qg7 Rf8 12. Nxf6+ exf6 13. O-O-O d5 14. Qxh7 Qd6
15. Rde1+ Kd8 16. Qg7 Bg4 17. Re3 Nd7 18. h3 Be6 19. Rhe1 Re8 20. Bxg6 fxg6 21.
Rxe6 Rxe6 22. Qg8+ Ke7 23. Rxe6+ Qxe6 24. Qxa8 Qe2 25. b3 Qf1+ 26. Kb2 Qxg2 27.
Qxd5 Qxh3 28. Qe4+ Kf7 29. Qf4 Ke7 30. d5 a5 31. a3 Ne5 1/2-1/2

[Event "BL 0405 OSC Baden Baden - Hamburger SK"]
[Site "?"]
[Date "2005.01.29"]
[Round "8.1"]
[White "Gustafsson, Jan"]
[Black "Vallejo Pons, Francisco"]
[Result "1/2-1/2"]
[WhiteElo "2603"]
[BlackElo "2678"]
[PlyCount "20"]
[EventDate "2005.??.??"]

1. Nf3 d5 2. d4 Nf6 3. c4 e6 4. g3 dxc4 5. Qa4+ Nbd7 6. Bg2 a6 7. Nc3 Rb8 8.
Qxc4 b5 9. Qd3 Bb7 10. O-O c5 1/2-1/2

[Event "BL 0405 OSC Baden Baden - Hamburger SK"]
[Site "?"]
[Date "2005.01.29"]
[Round "8.2"]
[White "Movsesian, Sergei"]
[Black "Ftacnik, Lubomir"]
[Result "1-0"]
[WhiteElo "2629"]
[BlackElo "2533"]
[PlyCount "73"]
[EventDate "2005.??.??"]

1. e4 c5 2. Nf3 d6 3. d4 cxd4 4. Nxd4 Nf6 5. Nc3 a6 6. Be2 Nc6 7. O-O e6 8. Be3
Be7 9. f4 Qc7 10. a4 O-O 11. Kh1 Re8 12. Bd3 Bd7 13. Qf3 e5 14. Nxc6 Bxc6 15.
fxe5 dxe5 16. g4 Rf8 17. g5 Ne8 18. Bc4 Nd6 19. Nd5 Qd8 20. Bb6 Qe8 21. Bc5 Rc8
22. b4 b6 23. Bxd6 Bxd5 24. Bxd5 Bxd6 25. g6 Kh8 26. gxf7 Qd8 27. c3 Rc7 28.
Rad1 Qc8 29. Rd3 Be7 30. Qh5 Rxc3 31. Be6 Qxe6 32. Rxc3 g6 33. Rc6 Rxf7 34.
Rxe6 Rxf1+ 35. Kg2 gxh5 36. Kxf1 Bxb4 37. Rxb6 1-0

[Event "BL 0405 OSC Baden Baden - Hamburger SK"]
[Site "?"]
[Date "2005.01.29"]
[Round "8.4"]
[White "Dautov, Rustem"]
[Black "Wahls, Matthias"]
[Result "1-0"]
[WhiteElo "2623"]
[BlackElo "2551"]
[PlyCount "59"]
[EventDate "2005.??.??"]

1. d4 Nf6 2. c4 e6 3. Nf3 Bb4+ 4. Bd2 Qe7 5. g3 Nc6 6. Nc3 Bxc3 7. Bxc3 Ne4 8.
Rc1 O-O 9. Bg2 d6 10. d5 Nd8 11. O-O e5 12. Nd2 Nxc3 13. Rxc3 f5 14. c5 Nf7 15.
cxd6 cxd6 16. Qb3 b6 17. Qa3 Bb7 18. Rfc1 Rfc8 19. e4 Rxc3 20. Rxc3 fxe4 21.
Nxe4 Qd8 22. h4 a6 23. Qb3 Rc8 24. Bh3 Rxc3 25. bxc3 Kf8 26. Be6 Nh8 27. Qa3
Ke7 28. h5 h6 29. g4 g6 30. c4 1-0

[Event "BL 0405 OSC Baden Baden - Hamburger SK"]
[Site "?"]
[Date "2005.01.29"]
[Round "8.6"]
[White "Schlosser, Philipp"]
[Black "Reeh, Oliver"]
[Result "1/2-1/2"]
[WhiteElo "2570"]
[BlackElo "2464"]
[PlyCount "39"]
[EventDate "2005.??.??"]

1. e4 c5 2. Nf3 d6 3. d4 cxd4 4. Nxd4 Nf6 5. Nc3 Nc6 6. Be2 e5 7. Nf3 h6 8. O-O
Be7 9. Re1 O-O 10. h3 Be6 11. Bf1 a6 12. Nd5 Bxd5 13. exd5 Nb8 14. c4 Nbd7 15.
a3 a5 16. b3 Nh7 17. Bb2 f5 18. b4 b6 19. Qc2 Ng5 20. Nd2 1/2-1/2

[Event "BL 0405 OSC Baden Baden - Hamburger SK"]
[Site "?"]
[Date "2005.01.29"]
[Round "8.8"]
[White "Doettling, Fabian"]
[Black "Michaelsen, Nils"]
[Result "1-0"]
[WhiteElo "2526"]
[BlackElo "2426"]
[PlyCount "95"]
[EventDate "2005.??.??"]

1. d4 Nf6 2. Nf3 e6 3. c4 b6 4. g3 Ba6 5. Nbd2 Bb7 6. Bg2 c5 7. e4 cxd4 8. O-O
d6 9. Nxd4 Qc8 10. Re1 Be7 11. a4 Nc6 12. Nxc6 Bxc6 13. Nb3 e5 14. Nd2 Qb7 15.
Qe2 O-O 16. Nb1 h6 17. Nc3 a6 18. b3 Bd7 19. Ba3 Rfd8 20. Red1 Be6 21. Bb4 Bf8
22. Ra2 Qc7 23. Rad2 Rab8 24. Nd5 Nxd5 25. cxd5 Bc8 26. Rc2 Qa7 27. Rdc1 a5 28.
Bd2 Bd7 29. Be3 Rb7 30. Bf3 g6 31. Bg4 Bxg4 32. Qxg4 Qa6 33. Qh4 Be7 34. Qxh6
Qd3 35. Rc4 Qxb3 36. h4 Bf8 37. Qg5 Be7 38. Qg4 b5 39. axb5 Qxb5 40. Rc7 Rxc7
41. Rxc7 Qe8 42. h5 Bf6 43. hxg6 fxg6 44. Qh3 Bg7 45. Bg5 Ra8 46. Re7 Qf8 47.
Qe6+ Kh8 48. Rf7 1-0

[Event "BL 0405 SC Eppingen - Preetzer TSV"]
[Site "?"]
[Date "2005.01.29"]
[Round "8.1"]
[White "Pedersen, Steffen"]
[Black "Gyimesi, Zoltan"]
[Result "1/2-1/2"]
[WhiteElo "2441"]
[BlackElo "2613"]
[PlyCount "40"]
[EventDate "2005.??.??"]

1. d4 Nf6 2. c4 e6 3. Nf3 d5 4. Nc3 c5 5. cxd5 Nxd5 6. e4 Nxc3 7. bxc3 cxd4 8.
cxd4 Bb4+ 9. Bd2 Bxd2+ 10. Qxd2 O-O 11. Bc4 b6 12. O-O Bb7 13. Rfe1 Nd7 14.
Rad1 Rc8 15. Bd3 Re8 16. Qf4 Qf6 17. Qg3 Qg6 18. Qf4 Qf6 19. Qg3 Qg6 20. Qf4
Qf6 1/2-1/2

[Event "BL 0405 SC Eppingen - Preetzer TSV"]
[Site "?"]
[Date "2005.01.29"]
[Round "8.2"]
[White "Acs, Peter"]
[Black "Fries Nielsen, Jens Ove"]
[Result "1-0"]
[WhiteElo "2521"]
[BlackElo "2379"]
[PlyCount "63"]
[EventDate "2005.??.??"]

1. e4 c5 2. Nf3 Nc6 3. d4 cxd4 4. Nxd4 Qc7 5. Nc3 e6 6. Be3 a6 7. Qd2 Nf6 8.
O-O-O Bb4 9. f3 Ne5 10. Nb3 d5 11. Bd4 O-O 12. Kb1 dxe4 13. Qf4 Bd6 14. Nxe4
Nxe4 15. Qxe4 Nc6 16. Bb6 Qxb6 17. Rxd6 Qc7 18. Rd2 e5 19. Bc4 a5 20. a4 g6 21.
g4 Nd4 22. Nxd4 Qxc4 23. Qxe5 Qxa4 24. Nb5 Be6 25. Nc3 Qc6 26. Rhd1 a4 27. g5
Rfe8 28. Ka1 a3 29. Ne4 axb2+ 30. Kxb2 Qb6+ 31. Kc1 Ba2 32. Nf6+ 1-0